000
00290nam a2200109Ia 4500
008
171211s9999 xx 000 0 und d
245
_a
Wings over the Great Plains
245
_c
Paul Johnsgard
260
_c
2012
650
_x
ANIMALS
856
_u
http://down.ebook777.com/057/1609620283.pdf
999
_c
348411
_d
348411